Verbotene rechtsextreme Symbole - Sudden Death - Statistiken

Allgemein
  • Dieses Quiz wurde 393 mal gespielt
  • Das Durchschnittsergebnis liegt bei 2 aus 6
Answers on the Grid
Answers color-coded by a green-red scale on the quiz's grid according to % correct below.
Hakenkreuz
Sieg-Rune
Tyr-Rune
Hammer und Schwert
Sonnenkreuz
Mjölnir
Schwarze Sonne
Triskele
Keltenkreuz
Irminsul
 
Antwortstatistiken
Antwort % Korrekt
Hakenkreuz
100%
Sieg-Rune
49%
Sonnenkreuz
21%
Keltenkreuz
20%
Tyr-Rune
15%
Triskele
10%
Keine übereinstimmenden Quizze gefunden
Verteilung der Resultate
Anzahl Personen mit jedem Resultat
Perzentil nach korrekt beantworteten Fragen
Ihre Resultats-Entwicklung
Sie haben dieses Quiz noch nicht gespielt